00566nam a2200193Ia 4500008004100000020001800041082000800059100002200067245004500089250000600134260003900140300001700179500002400196650001400220700002400234942000700258952009000265999001700355230524s9999 xx 000 0 und d a9789384588106 bJAD aV.K. Jadon942946 0aAnalysis and Design of Machine Elements a2 aNew DelhibI.K.Internationalc2015 a"XVII,973p;" aQuantity Number: 1 aMechanics aSuresh Verma942947 cBK 00104070aTATCLbTATCLcGENd2023-05-24l0o JADp54199r2023-05-24w2023-05-24yBK c57906d57906